| 000 | 00886nam a2200217 a 4500 | ||
|---|---|---|---|
| 008 | 951211s1981||||[C 0 slo c | ||
| 020 |
_c17 Kčs. _q(18000 výtl.) |
||
| 040 |
_aSNK _bslo _cSNK _eAACR2 |
||
| 041 | 1 |
_aslo _hrus |
|
| 044 |
_axo _cSK |
||
| 080 | _a1 100.1(081.2) | ||
| 100 | 1 |
_aLenin, Vladimir Iľjič _4aut |
|
| 245 | 1 | 0 |
_aZobrané spisy. /Zv./ 11 _bJúl - október 1905 _cVladimir Iľjič Lenin ; Dana Kopčoková, Oto Takáč |
| 250 | _a2., vyd. | ||
| 260 |
_aBratislava _bPravda _c1981 _eBratislava _fPravda |
||
| 300 |
_a685 s., 30,39 AH _c21 cm |
||
| 500 | _aLit. 80. Pozn. Zozn. publ. a dokumentov. Zozn. prác V. I. Lenina, ktoré sa doteraz nenašli. Reg. lit. prac. a men. Životopisné údaje. Faksim. rkp. 80 zázn. lit. o knihách, čl., zb. a novinách v jaz. slov. a čes. | ||
| 700 | 1 |
_aKopčoková, Dana _4trl |
|
| 700 | 1 |
_aTakáč, Oto _4bkd |
|
| 958 | _aA | ||
| 999 |
_c15432 _d15432 |
||